[Event "Serbia Cup Final 2012"]
[Site "Kragujevac SRB"]
[Date "2012.05.16"]
[Round "3"]
[White "Novoselski,Z"]
[Black "Zonjic,M"]
[Result "1-0"]
[WhiteElo "2377"]
[BlackElo "2175"]

1.e4 e6 2.d4 d5 3.Nc3 Nf6 4.e5 Nfd7 5.f4 c5 6.Nf3 Nc6 7.Be3 a6 8.Qd2 b5 9.Be2 Qb6
10.Nd1 a5 11.O-O g6 12.c3 Ba6 13.Nf2 h5 14.dxc5 Bxc5 15.Bxc5 Nxc5 16.Nd4 Nd7
17.Rfd1 Rd8 18.Qe3 Ne7 19.Qh3 h4 20.a3 Nc5 21.Ng4 Nb3 22.Nf6+ Kf8 23.Rab1 Nf5
24.Kh1 Nbxd4 25.cxd4 Kg7 26.b4 a4 27.Bg4 Nd6 28.Qd3 Ne4 29.Qe3 Bb7 30.Rdc1 Rc8
31.Nd7 Qd8 32.Nc5 Nxc5 33.bxc5 Bc6 34.Rb4 Qd7 35.Rcb1 Ra8 36.Be2 Ra5 37.Bd3 Rb8
38.Qe1 Qd8 39.R1b2 Bd7 40.Rf2 Raa8 41.Rf3 Qe7 42.Rh3 Bc6 43.Kg1 Bd7 44.Rxh4 Ra7
45.Rh3 Rab7 46.Qc1 Rh8 47.Rxh8 Kxh8 48.c6 Rc7 49.Bxb5 Qe8 50.Bxa4 Qa8 51.f5  1-0

[Event "e2e4 Amersham Open"]
[Site "Amersham ENG"]
[Date "2012.05.19"]
[Round "2"]
[White "Jones,RS"]
[Black "Tozer,Philip A A"]
[Result "1/2-1/2"]
[WhiteElo "2391"]
[BlackElo "2199"]

1.e4 e6 2.d4 d5 3.Nc3 Nf6 4.e5 Nfd7 5.f4 c5 6.Nf3 Nc6 7.Be3 cxd4 8.Nxd4 Bc5
9.Qd2 O-O 10.O-O-O a6 11.Nb3 Bb4 12.Bd3 b5 13.g4 Nb6 14.Qf2 Nc4 15.Ne4 Qe7
16.Ng5 h6 17.Nh7 Ba3 18.Bxc4 bxc4 19.Nxf8 cxb3 20.axb3 Bb4 21.c3 Qxf8 22.cxb4 Qxb4
23.Rd3 Qa5 24.Rhd1 Nb4 25.Bd4 Nxd3+ 26.Rxd3 Qa1+ 27.Kc2 Bd7 28.Rc3 Qh1 29.Kd2 Qb1
30.Ke3 Qe4+  1/2-1/2

[Event "50th ch-IND Challengers 2012"]
[Site "Tirupati IND"]
[Date "2012.05.19"]
[Round "2.4"]
[White "Praneeth,S"]
[Black "Swayams,M"]
[Result "1/2-1/2"]
[WhiteElo "2155"]
[BlackElo "2420"]

1.e4 e6 2.d4 d5 3.Nc3 Nf6 4.e5 Nfd7 5.f4 c5 6.Nf3 Nc6 7.Be3 Be7 8.Be2 a6
9.Qd2 b5 10.a3 Qb6 11.Rd1 Bb7 12.O-O Rc8 13.Qe1 O-O 14.Qf2 cxd4 15.Nxd4 Bc5
16.Bf3 Nxd4 17.Bxd4 Bxd4 18.Rxd4 Rc7 19.Rfd1 Rfc8 20.Be2 Nb8 21.R4d2 Qxf2+
22.Kxf2 Nd7 23.Bd3 f6 24.Re1 fxe5 25.fxe5 Rf8+ 26.Kg3 Bc8 27.Rf2 Rxf2 28.Kxf2 Rc5
29.h3 g6 30.g4 Kf8 31.Kg3 Ke7 32.Kf4 d4 33.Nb1 Bb7 34.Nd2 Bd5 35.h4 Rc8 36.Kg3 Nc5
37.Nf3 Bxf3 38.Kxf3 Rf8+ 39.Kg3 Na4 40.Re4 Rd8 41.b3 Nc5 42.Re1 Rc8 43.Bf1 d3
44.Bxd3 Nxd3 45.cxd3 Rc3 46.Rb1 Rxd3+ 47.Kf4 h6 48.a4 Rd4+ 49.Kf3 Rb4 50.axb5 axb5
51.Rb2 g5 52.hxg5 hxg5 53.Ra2 Rxb3+ 54.Kf2 Rd3 55.Ra7+ Rd7 56.Ra6 Rb7 57.Ke2 b4
58.Kd2 Rb5 59.Ra7+ Kf8 60.Ra4 b3 61.Kc1 Rxe5 62.Rb4 Re3 63.Rb5 e5 64.Kd2 Rg3
65.Rxe5 Rxg4 66.Rb5 b2 67.Ke3 Rg2 68.Kf3 Rc2 69.Rb7 Ke8 70.Kg4 Kd8 71.Kxg5 Kc8
72.Rb3 Kc7 73.Kf4 Kc6 74.Ke3 Rh2 75.Kd4 Rh1 76.Rxb2  1/2-1/2

[Event "TCh-HUN 2011-12"]
[Site "Budapest HUN"]
[Date "2012.05.20"]
[Round "11"]
[White "Tatar Kis,S"]
[Black "Havasi,J"]
[Result "1-0"]
[WhiteElo "2367"]
[BlackElo "2229"]

1.e4 e6 2.d4 d5 3.Nc3 Nf6 4.e5 Nfd7 5.f4 c5 6.Nf3 Nc6 7.Ne2 b6 8.c3 Ba6 9.Qa4 Qc8
10.Be3 g6 11.g4 h5 12.gxh5 Rxh5 13.Ng3 Bxf1 14.Kxf1 Rh8 15.Kg2 Qb7 16.Rac1 a5
17.Qc2 Ne7 18.Rhd1 Nf5 19.Nxf5 gxf5 20.Rg1 Be7 21.Kh1 Nf8 22.Qe2 c4 23.Ng5 Bxg5
24.Rxg5 Ng6 25.Rh5 O-O-O 26.Rg1 Qe7 27.Rgg5 b5 28.a3 Kb7 29.Bd2 Ka6 30.Qf2 Qd7
31.Kg1 b4 32.Rxh8 Rxh8 33.cxb4 Qa4 34.Rg3 Qd1+ 35.Qe1 Qxe1+ 36.Bxe1 Nxf4
37.Rg7 Ne2+ 38.Kf1 Nxd4 39.Rxf7 axb4 40.Bf2 Nc6 41.Rc7 Nd8 42.a4 Nb7 43.h4 d4
44.Rxc4 Rd8 45.Rxd4 Rxd4 46.Bxd4 b3 47.Bc3  1-0

[Event "Orlova Open 2012"]
[Site "Orlova CZE"]
[Date "2012.05.21"]
[Round "1.8"]
[White "Folwarczny,Marek"]
[Black "Gazik,I"]
[Result "0-1"]
[WhiteElo "1692"]
[BlackElo "2321"]

1.e4 e6 2.d4 d5 3.Nc3 Nf6 4.e5 Nfd7 5.Nf3 c5 6.Bb5 a6 7.Bxd7+ Bxd7 8.Ne2 Bb5
9.Nc3 Qb6 10.a4 Bd7 11.Ne2 Nc6 12.c3 cxd4 13.Nexd4 Bc5 14.O-O Qc7 15.b4 Bxd4
16.Nxd4 Qxe5 17.Re1 Qf6 18.Nxc6 Bxc6 19.Bb2 O-O 20.Rb1 e5 21.b5 axb5 22.axb5 Bxb5
23.Qxd5 Bc6 24.Qxe5 Qxe5 25.Rxe5 Ra2 26.Ree1 Rd8 27.Bc1 Rc2 28.Rb3 Re2 29.Rf1 Rd3
30.Be3 Rdxe3  0-1

[Event "Orlova Open 2012"]
[Site "Orlova CZE"]
[Date "2012.05.23"]
[Round "3.9"]
[White "Zimniok,L"]
[Black "Szneider,K"]
[Result "1/2-1/2"]
[WhiteElo "2143"]
[BlackElo "1791"]

1.e4 e6 2.d4 d5 3.Nc3 Nf6 4.e5 Nfd7 5.f4 c5 6.Nf3 a6 7.Ne2 cxd4 8.Nexd4 Nc6
9.c3 Nxd4 10.cxd4 Bb4+ 11.Bd2 Qb6 12.Bxb4 Qxb4+ 13.Qd2 Qxd2+ 14.Kxd2 Nb8
15.Bd3 Nc6 16.Rac1 Bd7 17.g4 g6 18.Rhg1 h5 19.h3 O-O-O 20.Ng5 Rdf8 21.Ke3 Kb8
22.Be2 Be8 23.a3 hxg4 24.hxg4 Rh2 25.Rh1 Rfh8 26.Rxh2 Rxh2 27.Nf3 Rh3 28.Kf2 Kc7
29.Kg2 Rh8 30.Rh1 Rxh1 31.Kxh1 Kd8 32.Kg2 Ke7 33.Kg3 Na7 34.f5 exf5 35.gxf5 f6
36.Bd3 gxf5 37.Bxf5 Bh5 38.Bg4 Bxg4 39.Kxg4 Ke6 40.Kf4 Nc6 41.exf6 Kxf6 42.Ke3 Ne7
43.Kd3 Nc6 44.Nd2 Ke6 45.b4 Kd6 46.Nb3 b6 47.Kc3 Ne7 48.a4 Kc6 49.Nc1 Nf5
50.Nd3 Ng3 51.b5+ axb5 52.Ne5+ Kd6 53.axb5  1/2-1/2

[Event "Albena Masters Open 2012"]
[Site "Albena BUL"]
[Date "2012.05.26"]
[Round "1.6"]
[White "Andrenko,I"]
[Black "Grigoryan,Av"]
[Result "0-1"]
[WhiteElo "2226"]
[BlackElo "2581"]

1.e4 e6 2.d4 d5 3.Nc3 Nf6 4.e5 Nfd7 5.f4 c5 6.Nf3 a6 7.Be3 Qb6 8.Na4 Qc6
9.Nxc5 Nxc5 10.dxc5 Bxc5 11.Qd2 Bd7 12.O-O-O Qb6 13.Bxc5 Qxc5 14.Kb1 Nc6
15.c4 Ne7 16.Rc1 Rd8 17.cxd5 Qxd5 18.Qb4 Bc6 19.Ka1 Qe4 20.Qxe4 Bxe4 21.Be2 Nc6
22.Rhd1 Ke7 23.g3 h6 24.Nd2 Bd5 25.Bf3 Bxf3 26.Nxf3 Rxd1 27.Rxd1 Nb4 28.Rd2 Rc8
29.Kb1 Rc5 30.a3 Nc6 31.h4 Rc4 32.Re2 h5 33.Re3 Rc5 34.Rb3 b5 35.Rd3 f6 36.b4 Rd5
37.Rc3 Kd7 38.exf6 gxf6 39.Kc2 Kd6 40.Nd2 Nd4+ 41.Kd1 e5 42.fxe5+ fxe5 43.Ke1 Ke6
44.Nf3 Nxf3+ 45.Rxf3 e4 46.Rc3 Kf5 47.Ke2 Kg4 48.Ke3 Rd3+ 49.Rxd3 exd3 50.Kxd3 Kxg3
51.Ke3 Kxh4 52.Kf3 Kg5 53.Kg3 h4+ 54.Kh3 Kh5 55.Kh2 Kg4 56.Kg2 h3+ 57.Kh2 Kh4
58.Kg1 Kg3 59.Kh1 h2 60.a4 bxa4  0-1

[Event "29th BSG Pinkster Open"]
[Site "Bussum NED"]
[Date "2012.05.26"]
[Round "2.17"]
[White "Haver,Bas"]
[Black "Janssen,E"]
[Result "0-1"]
[WhiteElo "2007"]
[BlackElo "2118"]

1.e4 e6 2.d4 d5 3.Nc3 Nf6 4.e5 Nfd7 5.f4 c5 6.Nf3 Nc6 7.Be3 Qb6 8.Qd2 Qxb2
9.Rb1 Qa3 10.Be2 Qa5 11.dxc5 Bxc5 12.Bxc5 Qxc5 13.Nb5 O-O 14.Nd6 a6 15.c3 b5
16.Ng5 h6 17.h4 hxg5 18.hxg5 Ncxe5 19.fxe5 Nxe5 20.Qc2 g6 21.Ne4 dxe4 22.Qxe4 Qxc3+
23.Kf2 f6 24.Rhc1 Bb7 25.Qxb7 fxg5+ 26.Bf3 Nd3+ 27.Kg1 Nxc1 28.Qe4 Kg7 29.Qxe6 Qd4+
30.Kf1 Rac8  0-1

[Event "50th ch-IND Challengers 2012"]
[Site "Tirupati IND"]
[Date "2012.05.26"]
[Round "11.12"]
[White "Praneeth,S"]
[Black "Lahiri,A"]
[Result "1/2-1/2"]
[WhiteElo "2155"]
[BlackElo "2332"]

1.e4 e6 2.d4 d5 3.Nc3 Nf6 4.e5 Nfd7 5.f4 c5 6.Nf3 Nc6 7.Be3 a6 8.Qd2 cxd4
9.Nxd4 Bc5 10.O-O-O O-O 11.Qf2 Qe7 12.Bd3 f6 13.exf6 Nxf6 14.h3 Bd6 15.Qh4 Bd7
16.Rhf1 Rac8 17.Nxc6 bxc6 18.g4 g6 19.f5 exf5 20.Bg5 f4 21.Rde1 Qf7 22.Bxf4 Bxf4+
23.Rxf4 Qg7 24.Qg5 Rf7 25.Ref1 Rcf8 26.Bxa6 h6 27.Qe5 g5 28.R4f3 h5 29.gxh5 Nxh5
30.Rxf7 Rxf7 31.Qb8+ Rf8 32.Rxf8+ Qxf8 33.Qxf8+ Kxf8 34.Bf1 Nf4 35.a4 Ke7
36.a5 Kd6  1/2-1/2

[Event "29th BSG Pinkster Open"]
[Site "Bussum NED"]
[Date "2012.05.27"]
[Round "4.13"]
[White "Haver,Daan"]
[Black "Janssen,E"]
[Result "0-1"]
[WhiteElo "1969"]
[BlackElo "2118"]

1.e4 e6 2.d4 d5 3.Nc3 Nf6 4.e5 Nfd7 5.f4 c5 6.Nf3 Nc6 7.Be3 Be7 8.Qd2 O-O
9.O-O-O Qa5 10.dxc5 Nxc5 11.Nd4 Bd7 12.Kb1 Rfd8 13.Nxc6 Bxc6 14.Nxd5 Rxd5
15.Qxa5 Rxd1+ 16.Bc1 b6 17.Qc3 Ne4 18.Qe3 Bc5 19.Qe2 Rad8 20.c3 Nxc3+ 21.bxc3 Ba3
22.Qc2 Ba4  0-1

[Event "29th BSG Pinkster Open"]
[Site "Bussum NED"]
[Date "2012.05.28"]
[Round "6.8"]
[White "Smits,Mar"]
[Black "Pliester,L"]
[Result "1/2-1/2"]
[WhiteElo "2206"]
[BlackElo "2367"]

1.e4 e6 2.d4 d5 3.Nc3 Nf6 4.e5 Nfd7 5.f4 c5 6.Nf3 Nc6 7.Be3 Be7 8.Qd2 O-O
9.Be2 cxd4 10.Nxd4 Nxd4 11.Bxd4 f6 12.O-O Bc5 13.Bxc5 Nxc5 14.Qd4 Qb6 15.Kh1 f5
16.g4 Ne4 17.Qxb6 axb6 18.Nxe4 fxe4 19.c3 Kf7 20.a3 Ke7 21.Rad1 Bd7 22.Kg2 g6
23.Rd4 Ra4 24.Rxa4 Bxa4 25.Kg3 Rd8 26.Kf2 d4 27.cxd4 Rxd4 28.Ke3 Rd8 29.Rc1 Bc6
30.h4 h5 31.Rd1 Rg8 32.Rd6 hxg4 33.Bxg4 Bd5 34.Rxb6 Rh8 35.Bxe6 Bxe6 36.Rxb7+ Bd7
37.Kxe4 Rxh4 38.Kf3 Rh3+ 39.Kg2 Rd3 40.Rb6 Bf5 41.Rb4 Ke6 42.Rb6+ Kd7 43.Rb4 Kc6
44.Kf2 Kc5 45.Kg2 Be6 46.Kf2 Bb3 47.Ke2 Bc4 48.Kf2 Rh3 49.Kg2 Rd3 50.Kf2 Kd5
51.Kg2 Bb3 52.Kf1 Ke6 53.Ke2 Rh3 54.Rb6+ Kf5 55.Rf6+ Ke4 56.Kd2 Kd4 57.Rd6+ Bd5
58.a4 Rh2+ 59.Kc1 Rh1+ 60.Kc2 Kc5 61.a5 Be4+ 62.Kb3 Rh3+ 63.Ka2 Bd5+ 64.Kb1 Bb3
65.Kc1 Rh2 66.a6 Rc2+ 67.Kb1 Rg2 68.Kc1 Rc2+ 69.Kb1 Rg2  1/2-1/2

[Event "31st OCF NAO FIDE Open"]
[Site "Stillwater USA"]
[Date "2012.05.28"]
[Round "8.13"]
[White "Zhong,Howard"]
[Black "Landolfi,Michael R"]
[Result "1-0"]
[WhiteElo "1867"]
[BlackElo "1763"]

1.e4 e6 2.d4 d5 3.Nc3 Nf6 4.e5 Nfd7 5.f4 c5 6.Nf3 Nc6 7.Be3 a6 8.Qd2 Be7
9.dxc5 Nxc5 10.O-O-O b5 11.f5 b4 12.fxe6 fxe6 13.Ne2 a5 14.Ng3 Rb8 15.Bd3 Ba6
16.Bxc5 Bxd3 17.Bxe7 Qxe7 18.Qxd3  1-0

[Event "Albena Masters Open 2012"]
[Site "Albena BUL"]
[Date "2012.05.29"]
[Round "4.6"]
[White "Grigoryan,Av"]
[Black "Rathnakaran,K"]
[Result "1/2-1/2"]
[WhiteElo "2581"]
[BlackElo "2441"]

1.e4 e6 2.d4 d5 3.Nc3 Nf6 4.e5 Nfd7 5.f4 c5 6.Nf3 a6 7.Be3 b5 8.Qd2 Bb7 9.Be2 Nc6
10.Nd1 cxd4 11.Nxd4 Nc5 12.Nf2 Nxd4 13.Bxd4 Ne4 14.Qe3 Rc8 15.O-O-O Qa5 16.Kb1 b4
17.Bd3 Nxf2 18.Qxf2 Bc5 19.f5 Bxd4 20.Qxd4 exf5 21.Bxf5 Rc4 22.Qd3 g6 23.e6 O-O
24.exf7+  1/2-1/2

[Event "1st Euro 2012 Open"]
[Site "Lviv UKR"]
[Date "2012.06.02"]
[Round "9"]
[White "Vetoshko,V"]
[Black "Omelja,A"]
[Result "1/2-1/2"]
[WhiteElo "2224"]
[BlackElo "2304"]

1.e4 e6 2.d4 d5 3.Nc3 Nf6 4.e5 Nfd7 5.f4 c5 6.Nf3 Nc6 7.Be3 Qb6 8.Qd2 Qxb2
9.Rb1 Qa3 10.Nb5 Qxa2 11.Rd1 Rb8 12.dxc5 Nxc5 13.Nc7+ Kd8 14.Nxd5 exd5 15.Bxc5 Bxc5
16.Qxd5+ Qxd5 17.Rxd5+ Ke7 18.Rxc5 Bg4 19.Bd3 Rhc8 20.Be4 Bxf3 21.gxf3 Nd4
22.Rxc8 Rxc8 23.Kd2 g6 24.Ra1 a6 25.Bxb7 Rxc2+ 26.Kd3 Rb2 27.Kxd4 Rxb7 28.Rxa6 Rb3
29.Ra7+ Ke6 30.Ra6+ Ke7 31.Ra7+ Ke6 32.Ra6+ Ke7 33.Ra7+  1/2-1/2

[Event "11th TCh-BIH Premier"]
[Site "Jahorina BIH"]
[Date "2012.06.07"]
[Round "6.1"]
[White "Predojevic,B"]
[Black "Kosic,D"]
[Result "1/2-1/2"]
[WhiteElo "2637"]
[BlackElo "2528"]

1.e4 e6 2.d4 d5 3.Nc3 Nf6 4.e5 Nfd7 5.f4 c5 6.Nf3 Nc6 7.Be3 Be7 8.dxc5 Bxc5
9.Qd2 O-O 10.O-O-O Qa5 11.a3 Qb6 12.Nd4 Nxd4 13.Bxd4 Bxd4 14.Qxd4 Qxd4 15.Rxd4 a6
16.g3 b6 17.Bh3 g6 18.Rhd1 Ra7 19.b3 Rc7 20.Kb2 Kg7 21.Bf1  1/2-1/2

[Event "5th Mayors Cup 2012"]
[Site "Mumbai IND"]
[Date "2012.06.08"]
[Round "2.10"]
[White "Thanki,H"]
[Black "Gomez,Joh"]
[Result "0-1"]
[WhiteElo "2067"]
[BlackElo "2507"]

1.e4 e6 2.d4 d5 3.Nc3 Nf6 4.e5 Nfd7 5.f4 c5 6.Nf3 Nc6 7.Be3 Be7 8.Qd2 O-O
9.Be2 b6 10.Nd1 a5 11.c3 Ba6 12.O-O Bxe2 13.Qxe2 a4 14.a3 Qc8 15.Nf2 Qa6
16.Nd3 cxd4 17.cxd4 b5 18.f5 exf5 19.Nf4 Nb6 20.Qf2 Nd8 21.Qg3 Ne6 22.Nh4 Bxh4
23.Qxh4 Rfc8 24.Rf3 Nxf4 25.Bxf4 Rc6 26.Bg5 h6 27.Bf6 Nd7 28.Rxf5 gxf6 29.Raf1 Kg7
30.R1f3 Rh8 31.exf6+ Kf8 32.Rxd5 Rc1+ 33.Kf2 Qe6 34.Re5 Nxe5 35.dxe5 Qxe5
36.Re3 Rc2+ 37.Kf3 Qf5+  0-1

[Event "11th TCh-BIH Premier"]
[Site "Jahorina BIH"]
[Date "2012.06.09"]
[Round "8.5"]
[White "Trkulja,G"]
[Black "Dizdarevic,E"]
[Result "0-1"]
[WhiteElo "2395"]
[BlackElo "2462"]

1.d4 e6 2.e4 d5 3.Nc3 Nf6 4.e5 Nfd7 5.f4 c5 6.Nf3 Nc6 7.Be3 cxd4 8.Nxd4 Qb6
9.Qd2 Qxb2 10.Rb1 Qa3 11.Ncb5 Qxa2 12.Rb3 Qa1+ 13.Kf2 Nc5 14.Kf3 Ne4 15.Qd3 Qa5
16.Be2 Be7 17.Rbb1 O-O 18.Ra1 Qd8 19.c4 a6 20.cxd5 exd5 21.g4 Bxg4+ 22.Kxg4 Qd7+
23.e6 fxe6 24.Kh3 axb5 25.Qxb5 Nc3  0-1

[Event "16th Voronezh Master Open"]
[Site "Voronezh RUS"]
[Date "2012.06.13"]
[Round "2.5"]
[White "Kalegin,E"]
[Black "Volkov,Sergey1"]
[Result "1/2-1/2"]
[WhiteElo "2482"]
[BlackElo "2623"]

1.e4 e6 2.d4 d5 3.Nc3 Nf6 4.e5 Nfd7 5.f4 c5 6.Nf3 Nc6 7.Be3 Be7 8.Qd2 O-O
9.Be2 b6 10.O-O Bb7 11.Nd1 cxd4 12.Nxd4 Nc5 13.Nf2 f5 14.exf6 Bxf6 15.c3 Nxd4
16.Bxd4 Ne4 17.Qe3 Qd6 18.Nxe4 dxe4 19.Rad1 Qc7 20.b3 Rad8 21.Bc4 Bd5 22.Bxf6 Rxf6
23.Rd4 h6 24.Bxd5 exd5 25.c4 Qc5 26.cxd5 Rxd5 27.Rxe4 Qxe3+ 28.Rxe3 Rd2 29.a4 Rg6
30.g3 Rc6 31.Rf2 Rcc2 32.Rxd2 Rxd2 33.Re8+ Kh7 34.Re7 Rb2 35.f5 Kg8 36.Rxa7 Rxb3
37.Kg2 Ra3 38.Kh3 Ra2 39.Ra6 Kf7 40.Kg4 Rb2 41.h4 b5 42.Rb6 Rb4+ 43.Kh5 Rxa4
44.g4 Ra7 45.g5 hxg5 46.hxg5 b4 47.Rxb4 Rc7 48.Rb6 Ra7 49.Rc6 Rb7 50.g6+ Kf8
51.Rc8+ Ke7 52.Rg8 Kf6 53.Rf8+ Ke5 54.Kg5 Rb1 55.Re8+ Kd6 56.Re6+ Kd7 57.Re4 Rg1+
58.Kf4 Rf1+ 59.Kg5 Rg1+ 60.Rg4 Rf1 61.Ra4 Rg1+ 62.Kf4 Rf1+ 63.Ke5 Re1+ 64.Re4 Rf1
65.Rf4 Re1+ 66.Re4 Rf1  1/2-1/2

[Event "16th Voronezh Master Open"]
[Site "Voronezh RUS"]
[Date "2012.06.14"]
[Round "3.15"]
[White "Geller,J"]
[Black "Gusarov,G"]
[Result "1-0"]
[WhiteElo "2538"]
[BlackElo "2349"]

1.e4 e6 2.d4 d5 3.Nc3 Nf6 4.e5 Nfd7 5.f4 c5 6.Nf3 Nc6 7.Be3 cxd4 8.Nxd4 Qb6
9.a3 Nxd4 10.Bxd4 Bc5 11.Nb5 Bxd4 12.Qxd4 Qxd4 13.Nxd4 Ke7 14.Kd2 Nb8 15.Bd3 Nc6
16.c3 Nxd4 17.cxd4 Bd7 18.g4 h5 19.h3 g6 20.Be2 hxg4 21.hxg4 Rac8 22.Bd3 Rcg8
23.Rac1 Kd8 24.Kc3 Kc7 25.Kd2+ Kd8 26.Ke3 Bc6 27.Kf2 Bd7 28.Kg3 Rxh1 29.Rxh1 Ke7
30.Rh7 Ba4 31.Kh4 Bd7 32.Kg5 Be8 33.Rh1 Bc6 34.b4 Rc8 35.Rh7 Rg8 36.b5 Bd7
37.a4 Be8 38.Rh1 Bd7 39.Rh7 Be8 40.Kh4 Bd7 41.Kg3 Be8 42.Kf3 Bd7 43.Ke3 Kf8
44.Be2 Ke7 45.Bf3 b6 46.f5 gxf5 47.gxf5 exf5 48.Bxd5 Be6 49.Bf3 Bb3 50.d5 Bxa4
51.Bh5 Rf8 52.Kd4 Bxb5 53.e6 Kd6 54.exf7 f4 55.Rh6+ Ke7 56.Re6+ Kd8 57.Rf6 f3
58.Ke5 Ke7 59.d6+ Kd8 60.Bxf3 Bc4 61.Bh5 a5 62.Rf4 b5 63.Kf6 Kd7 64.Kg7 Rb8
65.Rf6 Kc6 66.f8=Q Rxf8 67.Kxf8 Kd7 68.Bg4+ Kd8 69.d7 a4 70.Kg7  1-0

[Event "16th Voronezh Master Open"]
[Site "Voronezh RUS"]
[Date "2012.06.16"]
[Round "5.17"]
[White "Tarlev,K"]
[Black "Chuprikov,D"]
[Result "1-0"]
[WhiteElo "2526"]
[BlackElo "2386"]

1.e4 e6 2.d4 d5 3.Nc3 Nf6 4.e5 Nfd7 5.f4 c5 6.Nf3 Nc6 7.Be3 Be7 8.Qd2 O-O
9.dxc5 Bxc5 10.O-O-O Qa5 11.Bxc5 Nxc5 12.Kb1 Bd7 13.h4 b5 14.Bxb5 Rfb8 15.Bxc6 Bxc6
16.Nd4 Qb6 17.Nb3 a5 18.h5 a4 19.h6 g6 20.Rh4 axb3 21.cxb3 Rd8 22.Qe1 Rd7
23.Kc1 Kf8 24.f5 gxf5  1-0

[Event "ch-FIN 2012"]
[Site "Helsinki FIN"]
[Date "2012.06.17"]
[Round "7"]
[White "Agopov,M"]
[Black "Maki Uuro,Mi"]
[Result "1/2-1/2"]
[WhiteElo "2452"]
[BlackElo "2332"]

1.e4 e6 2.d4 d5 3.Nc3 Nf6 4.e5 Nfd7 5.Nce2 c5 6.c3 Nc6 7.f4 Qb6 8.Nf3 f6
9.a3 Be7 10.b4 cxd4 11.cxd4 a5 12.Qa4 fxe5 13.fxe5 O-O 14.b5 Ncxe5 15.dxe5 Nc5
16.Qc2 Bd7 17.Be3 Bxb5 18.Rb1 Qa6 19.Bxc5 Rac8 20.Nc3 Bxf1 21.Rb6 Bxc5 22.Rxa6 Bxa6
23.Qb3 Rf4 24.Rf1 a4 25.Qb2 Rc4 26.Nb5 Be3 27.Nfd4 Bxd4 28.Nxd4 Rc1+ 29.Kd2 Rxf1
30.Qb6 Re8 31.Nxe6 Rf7 32.Qd6 Rfe7 33.Nc7 Rxe5 34.Nxe8 Rxe8 35.Qxd5+  1/2-1/2

[Event "Paleros Open"]
[Site "Paleros GRE"]
[Date "2012.06.17"]
[Round "3"]
[White "Brzezinski,A"]
[Black "Antic,De"]
[Result "0-1"]
[WhiteElo "2095"]
[BlackElo "2518"]

1.e4 e6 2.d4 d5 3.Nc3 Nf6 4.e5 Nfd7 5.f4 c5 6.Nf3 Nc6 7.Be3 Be7 8.Qd2 O-O
9.Be2 b6 10.Nd1 a5 11.c4 dxc4 12.Bxc4 cxd4 13.Nxd4 Nxd4 14.Bxd4 Bb7 15.O-O Bc5
16.Bxc5 Nxc5 17.Qe2 Qd4+ 18.Ne3 Rad8 19.Rad1 Qe4 20.b3 Rxd1 21.Nxd1 Rd8 22.Qxe4 Nxe4
23.Ne3 Nc3 24.a4 Rd4 25.Rc1 Rxc4  0-1

[Event "65th ch-RUS HL"]
[Site "Tyumen RUS"]
[Date "2012.06.19"]
[Round "4.15"]
[White "Alekseev,Evgeny"]
[Black "Yuzhakov,O"]
[Result "1-0"]
[WhiteElo "2677"]
[BlackElo "2286"]

1.e4 e6 2.d4 d5 3.Nc3 Nf6 4.e5 Nfd7 5.f4 c5 6.Nf3 Nc6 7.Be3 a6 8.Qd2 b5 9.a3 Qb6
10.Ne2 Qc7 11.g3 Na5 12.b3 c4 13.Qd1 b4 14.a4 f5 15.exf6 Nxf6 16.Bg2 Bd6
17.O-O O-O 18.Ne5 Bd7 19.h3 Be8 20.f5 exf5 21.Rxf5 Rc8 22.Ng4 Bxg3 23.Nxg3 Qxg3
24.Bf4 Qc3 25.Nxf6+ gxf6 26.Rc1 Kh8 27.Kh2 Bg6 28.Rxd5 cxb3 29.cxb3 Bc2 30.Rxc2 Qxc2
31.Qxc2 Rxc2 32.Rxa5 Rg8 33.Bg3 Re8 34.Bh4 Kg7 35.Kg3 Re3+ 36.Kf4 Rxb3 37.Be4 Rc1
38.Rxa6 Rf1+ 39.Kg4 Rg1+ 40.Kf4 Rf1+ 41.Kg4 Rg1+ 42.Kf5 Rf1+ 43.Ke6 Re3 44.Ra7+ Kf8
45.Bxf6 Rxe4+ 46.Be5 Rxe5+ 47.dxe5 b3 48.Rb7 Ra1 49.Rxb3 Rxa4 50.Rb8+ Kg7
51.Rb7+ Kg6 52.Ke7 Ra3 53.h4 Ra4 54.Rb6+ Kf5 55.e6 Ra7+ 56.Kf8 Ra8+ 57.Kf7 Kg4
58.Rb4+ Kh5 59.e7 Ra7 60.Kf8 Kh6  1-0

[Event "65th ch-RUS HL"]
[Site "Tyumen RUS"]
[Date "2012.06.19"]
[Round "4"]
[White "Temirkanov,D"]
[Black "Makhmutov,R"]
[Result "0-1"]
[WhiteElo "2334"]
[BlackElo "2363"]

1.e4 e6 2.d4 d5 3.Nc3 Nf6 4.e5 Nfd7 5.f4 c5 6.Nf3 Nc6 7.Be3 Be7 8.Qd2 O-O
9.O-O-O c4 10.f5 b5 11.fxe6 fxe6 12.Nxb5 Rb8 13.Nd6 Nb6 14.b3 Bxd6 15.exd6 Qxd6
16.Qc3 Nb4 17.Kd2 Nxa2 18.Qa5 cxb3 19.cxb3 Nb4 20.Be2 Nc6 21.Qc5 Qxc5 22.dxc5 Nd7
23.Kc3 Nf6 24.Nd4 Ne4+ 25.Kc2 Nb4+ 26.Kb2 Nxc5 27.Nf3 Nba6 28.Ka2 Rxb3  0-1

[Event "HSG Open A 2012"]
[Site "Hilversum NED"]
[Date "2012.06.22"]
[Round "1.4"]
[White "Zwirs,Jasper"]
[Black "Castaneda,Geo"]
[Result "0-1"]
[WhiteElo "2054"]
[BlackElo "2522"]

1.e4 e6 2.d4 d5 3.Nc3 Nf6 4.e5 Nfd7 5.f4 c5 6.Nf3 Nc6 7.Be3 Rb8 8.Qd2 Qa5
9.dxc5 Bxc5 10.Nd4 Nxd4 11.Bxd4 O-O 12.O-O-O b5 13.Kb1 Bxd4 14.Qxd4 b4 15.Ne2 Nc5
16.Nc1 Bd7 17.h4 Rfc8 18.g4 Qc7 19.Rh2 a5 20.Bd3 a4 21.Rg1 a3 22.b3 Bb5 23.g5 Bxd3
24.Nxd3 Ne4 25.Rgg2 Rb6 26.h5 Qa7 27.Ne1 Nc3+ 28.Ka1 Nb5 29.Qg1 Qc7 30.Nd3 Rc6
31.h6 g6 32.Qc1 Qb6 33.Kb1 Qd4 34.Qg1 Qe4 35.Re2  0-1

[Event "5th Svein Memorial"]
[Site "Oslo NOR"]
[Date "2012.06.22"]
[Round "9"]
[White "Hagen,Andr"]
[Black "Frisk,E"]
[Result "1/2-1/2"]
[WhiteElo "2445"]
[BlackElo "2181"]

1.e4 e6 2.d4 d5 3.Nc3 Nf6 4.e5 Nfd7 5.f4 c5 6.Nf3 Nc6 7.Be3 a6 8.Qd2 b5 9.a3 Qb6
10.g3 Bb7 11.Bg2 cxd4 12.Nxd4 Bc5 13.Nce2 f6 14.exf6 Nxf6 15.b4 Bxd4 16.Nxd4 Nxd4
17.Bxd4 Qd8 18.Qe3 Kf7 19.O-O Re8 20.Qe5 Kg8 21.Bh3 Qd7 22.Rae1 Ne4 23.Qh5 Qf7
24.Qe2 Bc8 25.Bg2 Bb7 26.Qd3 Qc7 27.Re3 Rac8 28.c3 Bc6 29.Qd1 Bb7 30.h4 Qc4
31.Qg4 Rc7 32.h5 h6 33.Qg6 Ree7 34.Be5 Rc8 35.g4 Bc6 36.Bxe4 dxe4 37.g5 Be8
38.Qxe4 Qxe4 39.Rxe4 hxg5 40.fxg5 Bxh5 41.Rd4 Bg6 42.Rd6 Ra8 43.Kf2 Bf5 44.Rfd1 Kf7
45.Rd7 Re8 46.Ke3 Rxd7 47.Rxd7+ Re7 48.Rxe7+ Kxe7 49.Bxg7 Kf7 50.Bf6 Kg6
51.Kd4 Bh3 52.Ke5 Bg4 53.Kd6 Kf5 54.Kc6 e5 55.Kb6 e4 56.Kxa6 Be2 57.Ka5 Bd3
58.Bd4 Kxg5 59.a4 bxa4 60.Kxa4 Kf5 61.Kb3 Ke6 62.c4 Kd7 63.b5 Kc7 64.Be3 Bf1
65.Kb4 Bh3 66.Ka5 Kb7 67.Kb4 Bg4 68.Kc5 Be6 69.Kd4 Bf7 70.Kc5 Be6 71.Kb4 Bf7
72.c5 Be8 73.Kc4  1/2-1/2

[Event "Teplice Open 2012"]
[Site "Teplice CZE"]
[Date "2012.06.23"]
[Round "8.31"]
[White "Hozda,D"]
[Black "Hajek,Lu1"]
[Result "0-1"]
[WhiteElo "1971"]
[BlackElo "2080"]

1.e4 e6 2.d4 d5 3.Nc3 Nf6 4.e5 Nfd7 5.f4 c5 6.Nf3 Nc6 7.Be3 Be7 8.Qd2 O-O
9.O-O-O a6 10.g4 Qc7 11.h4 b5 12.dxc5 Bxc5 13.h5 Bb7 14.Bd3 Rfc8 15.Bxh7+ Kxh7
16.Bxc5 Nxc5 17.g5 Ne7 18.g6+ Kg8 19.gxf7+ Kxf7 20.h6 gxh6 21.Rxh6 b4 22.Qh2 Ke8
23.f5 Nxf5 24.Rh7 Ne7 25.Rg1 Nd3+ 26.cxd3 bxc3 27.Qh5+ Kd8 28.b3 Qc5 29.Qh6 Qa3+
30.Kd1 c2+ 31.Ke2 c1=Q 32.Rh8+ Kd7  0-1

[Event "40th TCh-GRE 2012"]
[Site "Achaea GRE"]
[Date "2012.06.30"]
[Round "1.3"]
[White "Ohme,M"]
[Black "Socko,M"]
[Result "1/2-1/2"]
[WhiteElo "2315"]
[BlackElo "2484"]

1.e4 e6 2.d4 d5 3.Nc3 Nf6 4.e5 Nfd7 5.f4 c5 6.Nf3 Nc6 7.Be3 Be7 8.Qd2 O-O
9.dxc5 Bxc5 10.Bxc5 Nxc5 11.O-O-O Qa5 12.Kb1 Bd7 13.Bd3 Nb4 14.Nd4 Rac8 15.a3 Nbxd3
16.cxd3 Qb6 17.Nce2 Bb5 18.Nxb5 Qxb5 19.Nd4 Qb6 20.Rc1 a5 21.Ka2 Nd7 22.Nf3 Rc6
23.Rc3 Rfc8 24.Rhc1 a4 25.Rxc6 bxc6 26.Qb4 Rb8 27.Qxb6 Rxb6 28.d4 Kf8 29.Ne1 Ke7
30.Nd3 Rb3 31.Nb4 Nb6 32.Nxc6+ Kd7 33.Nb8+ Kd8 34.Nc6+ Kd7 35.Nb8+ Kd8 36.Nc6+  1/2-1/2

[Event "40th TCh-GRE 2012"]
[Site "Achaea GRE"]
[Date "2012.06.30"]
[Round "1.10"]
[White "Ladopoulos,D"]
[Black "Litsas,P"]
[Result "1-0"]
[WhiteElo "2010"]
[BlackElo "1773"]

1.e4 e6 2.d4 d5 3.Nc3 Nf6 4.e5 Nfd7 5.f4 c5 6.Nf3 Nc6 7.Be3 cxd4 8.Nxd4 Bc5
9.Qd2 Nxd4 10.Bxd4 Bxd4 11.Qxd4 Qb6 12.Ne2 O-O 13.O-O-O a6 14.c3 Qa5 15.Kb1 b5
16.g4 Rb8 17.a3 Nb6 18.Ng3 Nc4 19.f5 Bd7 20.f6 Rfc8 21.Bxc4 bxc4 22.Ka1 Rb3
23.Rd2 g6 24.Qe3 Rcb8 25.Ne2 Qd8 26.h4 Qf8 27.h5 R3b5 28.Nd4 Ra5 29.hxg6 fxg6
30.Rdh2 Rxb2 31.Kxb2 Qxa3+ 32.Kc2 Ba4+ 33.Kd2 Qb2+ 34.Ke1 Qb1+ 35.Kf2 Bd1
36.f7+ Kxf7 37.Rxh7+ Ke8 38.Rh8+  1-0

[Event "Perla Baltyku Open 2012"]
[Site "Lazy POL"]
[Date "2012.06.30"]
[Round "1.13"]
[White "Eggink,R"]
[Black "Mulet,P"]
[Result "1/2-1/2"]
[WhiteElo "1996"]
[BlackElo "2282"]

1.e4 e6 2.d4 d5 3.Nc3 Nf6 4.e5 Nfd7 5.f4 c5 6.Nf3 Nc6 7.Be3 a6 8.Qd2 b5 9.Ne2 b4
10.Ng3 g6 11.h4 h5 12.Be2 a5 13.dxc5 Bxc5 14.Bxc5 Nxc5 15.Bb5 Bd7 16.Bxc6 Bxc6
17.Nd4 Rc8 18.a3 b3 19.cxb3 Qb6 20.Rc1 Nxb3 21.Nxb3 Qxb3 22.Ne2 O-O 23.Nd4 Qg3+
24.Qf2 Qd3 25.Nxc6 Rxc6 26.Rxc6 Qb1+ 27.Kd2 Qxh1 28.Rc1 Qh2 29.Rc3 Qh1 30.Rc1 Qh2
31.Rc3 Qh1 32.Rc1 Qh2 33.Rc3  1/2-1/2

[Event "7th Vladimir Dvorkovich Cup"]
[Site "Moscow RUS"]
[Date "2012.06.30"]
[Round "2.8"]
[White "Lei Tingjie"]
[Black "Fataliyeva,U"]
[Result "1-0"]
[WhiteElo "2154"]
[BlackElo "2097"]

1.e4 e6 2.d4 d5 3.Nc3 Nf6 4.e5 Nfd7 5.f4 c5 6.Nf3 Nc6 7.Be3 a6 8.Qd2 Be7
9.Be2 b5 10.Nd1 Qb6 11.c3 a5 12.dxc5 Bxc5 13.Nd4 Ba6 14.O-O O-O 15.Nxc6 Qxc6
16.b4 Bxe3+ 17.Nxe3 Rac8 18.Rac1 Nb6 19.f5 Qc7 20.f6 gxf6 21.Ng4 Nd7 22.Nxf6+ Nxf6
23.exf6 Kh8 24.Qh6 Rg8 25.Bd3  1-0